[Event "Mlada Boleslav Region-ch U20"]
[Site "Mlada Boleslav"]
[Date "2014.06.21"]
[Round "3"]
[White "Rosenbaumova, Lea"]
[Black "Hladka, Gabriela"]
[Result "1-0"]
[WhiteElo "1169"]
[BlackElo "1094"]
[PlyCount "31"]
[EventDate "2014.06.21"]
[EventType "swiss"]
[EventRounds "7"]
[EventCountry "CZE"]
[SourceTitle "EXT 2016"]
[Source "ChessBase"]
[SourceDate "2015.10.08"]
[SourceVersion "1"]
[SourceVersionDate "2015.10.08"]
[SourceQuality "1"]

1. e4 e5 2. Nf3 Nc6 3. d4 exd4 4. Nxd4 Nxd4 5. Qxd4 b6 6. Bf4 c5 7. Qd5 Nf6 8. Qxa8 c4 9. Bxc4 Bb4+ 10. c3 Bc5 11. Bg5 0-0 12. e5 Qc7 13. exf6 gxf6 14. Bxf6 d5 15. Qxd5 Bg4 16. Qg5# 1-0

[Event "Mlada Boleslav Region-ch U20"]
[Site "Mlada Boleslav"]
[Date "2012.06.24"]
[Round "6"]
[White "Hladka, Gabriela"]
[Black "Mosovska, Frantiska"]
[Result "0-1"]
[WhiteElo "1100"]
[BlackElo "1100"]
[PlyCount "36"]
[EventDate "2012.06.23"]
[EventType "swiss"]
[EventRounds "7"]
[EventCountry "CZE"]
[SourceTitle "EXT 2014"]
[Source "ChessBase"]
[SourceDate "2013.11.20"]
[SourceVersion "1"]
[SourceVersionDate "2013.11.20"]
[SourceQuality "1"]

1. e4 e5 2. Bc4 Nf6 3. d3 Bb4+ 4. c3 Bd6 5. Bg5 Bc5 6. d4 exd4 7. Nf3 dxc3 8. 0-0 cxb2 9. Bxf6 Qxf6 10. Qd5 bxa1Q 11. e5 Qe6 12. Qxc5 b6 13. Qb4 a5 14. Qd2 Qc6 15. Qe2 b5 16. Bd3 0-0 17. Ng5 Bb7 18. Qh5 Qxg2# 0-1

[Event "Mlada Boleslav Region-ch U20"]
[Site "Mlada Boleslav"]
[Date "2012.06.24"]
[Round "7"]
[White "Lang, David"]
[Black "Hladka, Gabriela"]
[Result "1-0"]
[WhiteElo "1100"]
[BlackElo "1100"]
[PlyCount "35"]
[EventDate "2012.06.23"]
[EventType "swiss"]
[EventRounds "7"]
[EventCountry "CZE"]
[SourceTitle "EXT 2014"]
[Source "ChessBase"]
[SourceDate "2013.11.20"]
[SourceVersion "1"]
[SourceVersionDate "2013.11.20"]
[SourceQuality "1"]

1. e4 e5 2. Nf3 Bc5 3. Nc3 Nf6 4. Nxe5 d6 5. Nxf7 Qe7 6. Nxh8 Ng4 7. Qe2 Nc6 8. g3 Nd4 9. Qd3 Nf5 10. Bh3 Nfh6 11. Nd5 Be6 12. Nxe7 Bxf2+ 13. Kf1 d5 14. Bxg4 Bxg4 15. Nxd5 0-0-0 16. Ne7+ Kb8 17. Qxd8+ Bc8 18. Qxc8# 1-0

[Event "Mlada Boleslav Region-ch U20"]
[Site "Mlada Boleslav"]
[Date "2012.06.23"]
[Round "2"]
[White "Drevo, Jakub"]
[Black "Hladka, Gabriela"]
[Result "1-0"]
[WhiteElo "1000"]
[BlackElo "1100"]
[PlyCount "27"]
[EventDate "2012.06.23"]
[EventType "swiss"]
[EventRounds "7"]
[EventCountry "CZE"]
[SourceTitle "EXT 2014"]
[Source "ChessBase"]
[SourceDate "2013.11.20"]
[SourceVersion "1"]
[SourceVersionDate "2013.11.20"]
[SourceQuality "1"]

1. e4 e5 2. Nf3 Bc5 3. Nxe5 Qh4 4. Qe2 Nf6 5. Nf3 Qh5 6. Ng1 Qh6 7. Nc3 Nh5 8. d4 Bxd4 9. Bxh6 0-0 10. 0-0-0 d5 11. Qxh5 Bd7 12. Qxd5 a5 13. Qxd4 a4 14. Qxg7# 1-0